Vysokohorská chata, Veľké Biele Pleso

Uložené v:
Podrobná bibliografia
Hlavný autor: Kupcová, Magdaléna (Autor)
Ďalší autori: Tóthová, Zuzana (Vedúci práce)
Médium: Rukopis Kniha
Jazyk:Slovak
Vydavateľské údaje: Bratislava 2023
Predmet:
On-line prístup:http://is.stuba.sk/zp/portal_zp.pl?podrobnosti=155580
Tagy: Pridať tag
Žiadne tagy, Buďte prvý, kto otaguje tento záznam!

MARC

LEADER 00000ntm a22000003a 4500
001 stuzp93557
003 SK-STU
005 20231006065808.5
007 ta
008 150427s2015----xo-----f-mn---000-0-slo-d
040 |a STU  |b slo 
041 0 |a slo 
100 1 |a Kupcová, Magdaléna  |u 051110  |4 aut  |U FAD Fakulta architektúry a dizajnu  |T FAD Ústav architektúry obytných budov  |X 103525  |U A1110  |Y 392  |7 103525 
242 0 1 |a Alpine Hut, Veľké Biele Pleso  |y eng 
245 1 0 |a Vysokohorská chata, Veľké Biele Pleso 
260 |c 2023  |a Bratislava 
650 4 |a vysokohorská chata  |2 slo 
650 4 |a drevostavba  |2 slo 
650 4 |a stĺpiková konštrukcia  |2 slo 
650 4 |a udržateľnosť  |2 slo 
650 4 |a sebestačnosť  |2 slo 
650 4 |a high-altidute mountain hut  |2 eng 
650 4 |a timber construction  |2 eng 
650 4 |a independence  |2 eng 
650 4 |a sustainability  |2 eng 
650 4 |a wooden frame construction  |2 eng 
700 1 |a Tóthová, Zuzana  |u 051110  |k Z1  |4 ths  |U FAD Fakulta architektúry a dizajnu  |T FAD Ústav architektúry obytných budov  |X 389  |U A1110  |Y 392  |7 A000000389 
856 4 |u http://is.stuba.sk/zp/portal_zp.pl?podrobnosti=155580  |u https://opac.crzp.sk/?fn=detailBiblioForm&sid=C03CB0FBA6588971D13B26D1B6BF